| 000 | 01786nam a22003257a 4500 | ||
|---|---|---|---|
| 003 | DO-SdBNP | ||
| 005 | 20221025111411.0 | ||
| 008 | 171121b 1996 a dr a ||||| |||| 00| 0 spa d | ||
| 020 | _a8492184558 | ||
| 040 |
_aBPMSU _bspa _cBPMSU |
||
| 082 | 4 |
_a378.7293 _bA367t 1996 _222 |
|
| 092 |
_a _2 |
||
| 100 | 1 | _aPopkewitz, Thomas S. | |
| 245 | 0 |
_aTecnología, economía y educación en República Dominicana / _cJosé Luis Alemán _b |
|
| 260 |
_aSanto Domingo : _bPrograma de Promoción de la Reforma Educativa en América Latina ; _b Facultad Latinoamericana de Ciencias Sociales, _c 1996 |
||
| 300 |
_a80 p. ; _c26 cm. |
||
| 505 | 0 | _aParticipantes en las reuniones especializadas, debates y foros 9 -- Las intuiciones magníficas 15 -- Modelos econométrios recientes sobre tecnología y economía 21 -- Políticas tecnológicas de crecimiento 33 -- Las opciones dominicanas 53 -- Indotec en el proceso de Desarrollo del Capital Humano 65 -- Recomendaciones para mejorar la calidad de la enseñanza de las ciencias naturales y las tecnologías en el marco del nuevo currículo 69 | |
| 650 | 4 |
_aInnovaciones educativas _zRepública Dominicana) _vProyectos. _4 |
|
| 650 | 4 |
_aReforma educativa _zRepública Dominicana _v Proyectos. |
|
| 650 | 4 |
_aDesarrollo socioeconómico _zRepública Dominicana _vProyectos |
|
| 650 | 4 |
_a Mejoramiento de programas escolares _zRepública Dominicana _vEstudio de casos. |
|
| 650 | 4 |
_aPolítica educativa _z República Dominicana |
|
| 650 | 4 |
_aTecnología educativa _zRepública Dominicana |
|
| 651 | 4 |
_a _x |
|
| 700 | 1 | 2 |
_aManzano, Pablo, _etr. |
| 710 | 2 | _a Programa de Promoción de la Reforma Educativa en América Latina | |
| 710 | 2 | _aFacultad Latinoamericana de Ciencias Sociales | |
| 910 | _aVMateo V. /Validado | ||
| 942 | _cBK | ||
| 999 |
_c14316 _d14316 |
||